000 00476nam a2200205Ia 4500
001 13586
003 GE_BSU
008 181216s||||||||xx |||||||||||||| ||und||
020 _a0006374301
040 _cGE_BSU
080 _a821.111-3
100 _aRowe,Dorothy
245 _aWanting Everything The Art of Happiness
260 _aLondon
260 _bFontana
260 _c1991
300 _a428p.20cm.
653 _aWanting Everything The Art of Happiness
942 _cBK
999 _c46742
_d46742